• 首页
  • 本馆介绍
  • 公告通知
  • 最新文献
  • 馆藏检索
  • 电子资源
  • 读者导购
  • 参考咨询
  • 我的图书馆
  • 登录
  • 详细信息显示
  • 放入我的书架
  • 预约/预借图书
  • 作者相关作品
  • 分类相关作品
  • 丛书相关作品
  • 出版社相关作品

书目信息

  • 表格格式
  • 工作单格式
  • 卡片格式
书名: Human biology
作者: Sylvia S. Mader.
分册号:
分册名:
出版地: Boston :
 
出版社: McGraw-Hill
出版时间: c2000.
页数: xix, 514 p. :
开本: 28 cm. +
丛书名:
中图分类号:
科图分类号:
其他分类号: Q41
主题词:
电子资源:
000 00926pam 22002654a 4500
001 E0731016090
005 20070321084157.76
008 990318s2000 maua b 001 0 eng
010    @a 99014988
020    @a0072905840.
020    @a0072289244 (CD-ROM).
040    @aDLC@cDLC@dC#P
050 00 @aQP36@b.M2 2000
082 00 @a612 @2 21
090    @aQ41
099    @dQ41@ex7=6
100 1  @aMader, Sylvia S.
245 10 @aHuman biology / @cSylvia S. Mader.
250    @a6th ed.
260    @aBoston :@bMcGraw-Hill,@cc2000.
300    @axix, 514 p. :@bill. (chiefly col.) ;@c28 cm. +@e1 computer laser optical disc (4 3/4 in.).
504    @aIncludes bibliographical references and index.
538    @aSystem requirements for the accompanying computer disc: For Macintosh Windows 95 or Windows 98, IBM-compatible PC, minimum 16MB, and CD-ROM drive.
650  0 @aHuman biology.
920    @a232010@z1
    
    Human biology / / Sylvia S. Mader.-6th ed.-Boston : : McGraw-Hill, , c2000.
    xix, 514 p. : : ill. (chiefly col.) ; ; 28 cm. + + 1 computer laser optical disc (4 3/4 in.).
    Includes bibliographical references and index.-System requirements for the accompanying computer disc: For Macintosh Windows 95 or Windows 98, IBM-compatible PC, minimum 16MB, and CD-ROM drive.
    
    ISBN 0072905840.
    
●
相关链接 在E读中查询图书 在五车中查询图书 在当当中查询图书 在豆瓣中查询图书


正题名:Human biology     索取号:Q41/x7=6         预约/预借

序号 登录号 条形码 馆藏地/架位号 状态 备注
1 0003291   300032916   第二样本阅览室/ [索取号:Q41/x7=6] 在馆    
2 0003292   300032925   第四借阅区/ [索取号:Q41/x7=6] 在馆    
唐山师范学院图书馆 欢迎您!
大连网信软件有限公司© 版权所有